01410nam a2200349Ia 4500001001200000003000800012006001900020007001500039008004100054010001700095020002600112020001800138020002600156040002100182035002100203050002800224100002200252245011100274260005400385300001500439490005000454504005100504533015200555650003100707650005000738650005100788650003200839655002900871710001700900856012600917999001701043ebr10638820CaPaEBRm u cr cn|||||||||120730s2013 enk sb 001 0 eng d z 2012030495 z9781441109026 (ebook) z9781441162533 z9781441190734 (ebook) aCaPaEBRcCaPaEBR a(OCoLC)82171847014aP325.5.D38bL457 2013eb1 aLevison, Michael.14aThe semantic representation of natural languageh[electronic resource] /cby Michael Levison ... [et al.]. aLondon ;aNew York :bBloomsbury Academic,c2013. axv, 249 p.0 aBloomsbury studies in theoretical linguistics aIncludes bibliographical references and index. aElectronic reproduction.bPalo Alto, Calif. :cebrary,d2013.nAvailable via World Wide Web.nAccess may be limited to ebrary affiliated libraries. 0aComputational linguistics. 0aKnowledge representation (Information theory) 0aNatural language processing (Computer science) 0aSemanticsxData processing. 7aElectronic books.2local2 aebrary, Inc.40uhttp://site.ebrary.com/lib/rucke/Doc?id=10638820zAn electronic book accessible through the World Wide Web; click to view c49414d49414